00701nam a2200193 a 450000100100000000500170001000800410002702000180006804000250008608200190011110000300013024501290016026000400028930000240032949000260035350000570037970000450043683000260048100004474420201002045608.0150108s2014 dr a 001 0 spa d a9789945893502 aDO-SdBNPbspacBNPHU axxxxxxbxxxxxx1 aContreras Peña, Luis E.10aIntroducción a la arquitectura y términos navales /cLuis E. Contreras Peña ; prólogo Sigfrido Aramis Pared Pérez. aSanto Domingo :bDurandarte,c2014. av. :bil. ;c24 cm.1 aLiga Naval Dominicana aIncluye datos biográficos del autor en las solapas1 aPared Pérez, Sigfrido Aramis,epról. 0aLiga Naval Dominicana